ბათუმის შოთა რუსთაველის სახელმწიფო უნივერსიტეტის ბიბლიოთეკა

THE LOST GIRLS OF ROME. (ბიბ.ჩანაწერი № 46468)

000 -LEADER
fixed length control field 00501nam a2200217Ia 4500
001 - CONTROL NUMBER
control field 13306
003 - CONTROL NUMBER IDENTIFIER
control field GE_BSU
008 - FIXED-LENGTH DATA ELEMENTS--GENERAL INFORMATION
fixed length control field 181216s||||||||xx |||||||||||||| ||und||
020 ## - INTERNATIONAL STANDARD BOOK NUMBER
International Standard Book Number 9780349000305
040 ## - CATALOGING SOURCE
Transcribing agency GE_BSU
080 ## - UNIVERSAL DECIMAL CLASSIFICATION NUMBER
Universal Decimal Classification number 821.111-312.4
100 ## - MAIN ENTRY--PERSONAL NAME
Personal name CARRISI,DONATO.
245 #4 - TITLE STATEMENT
Title THE LOST GIRLS OF ROME.
245 ## - TITLE STATEMENT
Statement of responsibility, etc. TRANSLATION BY HOWARD CURTIS.
260 ## - PUBLICATION, DISTRIBUTION, ETC.
Place of publication, distribution, etc. LONDON.
260 ## - PUBLICATION, DISTRIBUTION, ETC.
Name of publisher, distributor, etc. ABACUS.
260 ## - PUBLICATION, DISTRIBUTION, ETC.
Date of publication, distribution, etc. 2011
300 ## - PHYSICAL DESCRIPTION
Extent 424P;24CM.
653 ## - INDEX TERM--UNCONTROLLED
Uncontrolled term THE LOST GIRLS OF ROME.
942 ## - ADDED ENTRY ELEMENTS (KOHA)
Koha item type წიგნი
ეგზემპლარები
Withdrawn status Lost status Damaged status Not for loan Date acquired Barcode Date last seen Price effective from Koha item type
        2018-12-17 36501 2018-12-17 2018-12-17 წიგნი